[Event "Eger Agria op 40th"]
[Site "Eger"]
[Date "2016.07.24"]
[Round "8"]
[White "Pasti, Anna"]
[Black "Joo, Judit"]
[Result "1-0"]
[WhiteElo "1262"]
[BlackElo "1401"]
[PlyCount "67"]
[EventDate "2016.07.18"]
[EventType "swiss"]
[EventRounds "8"]
[EventCountry "HUN"]
[SourceTitle "EXT 2020"]
[Source "ChessBase"]
[SourceDate "2019.10.17"]
[SourceVersion "1"]
[SourceVersionDate "2019.10.17"]
[SourceQuality "1"]

1. e4 e6 2. d4 d5 3. Nc3 c5 4. exd5 exd5 5. Nf3 Nf6 6. Bg5 Be7 7. dxc5 Be6 8. Qd2 h6 9. Bh4 0-0 10. 0-0-0 Nc6 11. Bxf6 Bxf6 12. Nxd5 Bxd5 13. Qxd5 Qxd5 14. Rxd5 Nb4 15. Rd7 b6 16. a3 Na6 17. cxb6 Nc5 18. Rxa7 Rxa7 19. bxa7 Ra8 20. Bc4 Ne4 21. Bd5 Rxa7 22. Bxe4 Ra6 23. Ne1 Bg5+ 24. Kd1 Rd6+ 25. Nd3 Bf6 26. b3 Bb2 27. a4 Ba3 28. Ke2 Re6 29. Kf3 Rf6+ 30. Ke3 Re6 31. Kd4 Re7 32. b4 Rc7 33. c3 Ra7 34. a5 1-0